000 00481nam a2200193Ia 4500
005 20250508155652.0
008 008 250505s9999 xx 000 0 eng d
037 _aTextual
040 _aFEDL
_beng
_cFEDL
041 _aeng
_2eng
084 _a371.62, GRE
_qFEDL
245 0 _aBuilding bulletin No 9. cost study
245 0 _cGreat Britain
250 _a2nd
260 _c1956
300 _a26p.
942 _cTEXL
_h371.62, GRE
999 _c1358679
_d1358679